000 00308nam a22001337a 4500
008 171002b xxu||||| |||| 00| 0 eng d
020 _a9780137007486
041 _aeng
080 _26 ED
_a37
100 _a37
101 _aEDU
245 _aFOUNDATIONS AMERICAN EDUCATION
_cWEBB.L.D
942 _2udc
_cBK
999 _c31149
_d31149